| 000 | 00541nam a2200181 i 4500 | ||
|---|---|---|---|
| 001 | 104228 | ||
| 003 | ES-MaACL | ||
| 007 | t| | ||
| 008 | 051125m19211932sp ||||1| spa d | ||
| 100 | 1 |
_aMilian, A. _981111 |
|
| 245 | 1 | 0 |
_aTécnica terapéutica médica / _cpor el Dr. Milian. |
| 260 |
_aBarcelona : _bSalvat, _c1921-1932. |
||
| 300 |
_a2 v. : _bil. ; _c20 cm. |
||
| 490 | 1 |
_aBiblioteca de terapéutica ; _vII |
|
| 830 | 0 |
_aBiblioteca de terapéutica ; _vII _9186479 |
|
| 852 |
_aES-MaACL _jE-284-85 _bR.21027 |
||
| 999 |
_c104228 _d104228 |
||